000 00924nam a2200265 a 4500
001 1311
003 BR-CuiBMT
005 20231204231232.0
008 231201s2012 dfba 001 0 por d
020 _a9788570183934
040 _aBR-CuiBMT
_cBR-CuiBMT
080 _a94
_x(81).013/.06
_22007
090 _a94(81).013/.06
_bL732f
100 1 _aLima, Manoel de Oliveira,
_d1867-1928
240 1 0 _aFormation historique de la nationalite´ bre´silienne.
_lPortuguês
245 1 0 _aFormação histórica da nacionalidade brasileira /
_cOliveira Lima; tradução de Aurélio Domingues.
260 _aBrasília :
_bSenado Federal,
_c2012.
300 _a243 p. :
_bil. ;
_c23 cm
490 1 _aColeção edições do Senado Federal ;
_vv. 158
504 _aInclui bibliografia e índice.
650 _aBrasil
_xHistória
_y1500-1889
650 _aNacionalismo
830 0 _aEdições do Senado Federal ;
_v138
942 _2udc
_cLV
999 _c1311
_d1311